<?xml version="1.0" encoding="UTF-8"?>
<record
    xmlns:xsi="http://www.w3.org/2001/XMLSchema-instance"
    xsi:schemaLocation="http://www.loc.gov/MARC21/slim http://www.loc.gov/standards/marcxml/schema/MARC21slim.xsd"
    xmlns="http://www.loc.gov/MARC21/slim">

  <leader>01116nab a22001937a 4500</leader>
  <datafield tag="999" ind1=" " ind2=" ">
    <subfield code="c">6080</subfield>
    <subfield code="d">6080</subfield>
  </datafield>
  <controlfield tag="003">OSt</controlfield>
  <controlfield tag="005">20260121185224.0</controlfield>
  <controlfield tag="008">190502c        xxu||||| |||| 00| 0 spa d</controlfield>
  <datafield tag="040" ind1=" " ind2=" ">
    <subfield code="c">PJ</subfield>
  </datafield>
  <datafield tag="100" ind1=" " ind2=" ">
    <subfield code="9">6857</subfield>
    <subfield code="a">Pintos de Tezanos, Lola</subfield>
  </datafield>
  <datafield tag="245" ind1="1" ind2="0">
    <subfield code="a">Delitos previstos en la ley 23.737 : </subfield>
    <subfield code="b">exclusi&#xF3;n de la punibilidad y disminuci&#xF3;n de la pena /</subfield>
    <subfield code="c">Lola de Tezanos Pintos.</subfield>
  </datafield>
  <datafield tag="260" ind1=" " ind2=" ">
    <subfield code="a">Ciudad Aut&#xF3;noma de Buenos Aires :</subfield>
    <subfield code="b">Thomson Reuters La Ley,</subfield>
    <subfield code="c">2024.</subfield>
  </datafield>
  <datafield tag="300" ind1=" " ind2=" ">
    <subfield code="a">p. 3-16</subfield>
  </datafield>
  <datafield tag="505" ind1=" " ind2=" ">
    <subfield code="a">Sumario: I. Valoraci&#xF3;n de circunstancias relativas al injusto penal.&#x2014; II. Valoraci&#xF3;n de circunstancias relativas a la culpabilidad.&#x2014; III. Valoraci&#xF3;n de circunstancias relativas a los fines de la pena: aplicaci&#xF3;n de una pena por debajo del m&#xED;nimo legal.&#x2014; IV. Soluciones alternativas al juicio: suspensi&#xF3;n del proceso a prueba.

</subfield>
  </datafield>
  <datafield tag="505" ind1=" " ind2=" ">
    <subfield code="t">&#xBF;Te interesa el texto completo? Solicitalo al correo: koha@justierradelfuego.gov.ar</subfield>
  </datafield>
  <datafield tag="650" ind1=" " ind2="0">
    <subfield code="9">343</subfield>
    <subfield code="a">DERECHO PENAL</subfield>
  </datafield>
  <datafield tag="773" ind1="0" ind2=" ">
    <subfield code="0">2729</subfield>
    <subfield code="9">3180</subfield>
    <subfield code="d">Buenos Aires : LexisNexis,  2006-</subfield>
    <subfield code="t">Revista de derecho penal y procesal penal. N&#xBA; 6 - Junio 2024</subfield>
    <subfield code="z">9875920622</subfield>
  </datafield>
  <datafield tag="942" ind1=" " ind2=" ">
    <subfield code="2">udc</subfield>
    <subfield code="c">ANA</subfield>
  </datafield>
</record>
